| 000 | 00345nam a2200121Ia 4500 | ||
|---|---|---|---|
| 008 | 220204s9999 xx 000 0 und d | ||
| 082 |
_a658.5 _bBIS |
||
| 100 | _aBisio, Attilio | ||
| 245 | 0 | _aTurning research and development into profits: A systematic approach | |
| 260 |
_aNew York _bAmacom _c1979 |
||
| 700 | _aGastwirt, Lawrence | ||
| 942 | _cBK | ||
| 999 |
_c34792 _d34792 |
||